Antonio Cánovas del Castillo / (Record no. 185390)

MARC details
000 -LEADER
campo de control de longitud fija 00904nam a2200205 i 4500
001 - NÚMERO DE CONTROL
campo de control 185390
003 - IDENTIFICADOR DE NÚMERO DE CONTROL
campo de control ES-MaACL
005 - FECHA Y HORA DE LA ÚLTIMA TRANSACCIÓN
campo de control 20251212063022.0
008 - DATOS DE LONGITUD FIJA--INFORMACIÓN GENERAL
campo de control de longitud fija 160530s1946 sp cf |||| |bspa d
080 ## - NÚMERO DE LA CLASIFICACIÓN DECIMAL UNIVERSAL
Número de la Clasificación Decimal Universal 929 Cánovas del Castillo, Antonio
100 1# - ENTRADA PRINCIPAL--NOMBRE DE PERSONA
Nombre de persona Suárez de Tangil y de Angulo, Fernando,
Títulos y otros términos asociados al nombre Conde de Vallellano
9 (RLIN) 108609
245 10 - MENCIÓN DEL TÍTULO
Título Antonio Cánovas del Castillo /
Mención de responsabilidad, etc. por el Conde de Vallellano.
260 ## - PUBLICACIÓN, DISTRIBUCIÓN, ETC.
Lugar de publicación, distribución, etc. Madrid :
Nombre del editor, distribuidor, etc. Purcalla :
-- José Ruiz Alonso,
Fecha de publicación, distribución, etc. 1946.
300 ## - DESCRIPCIÓN FÍSICA
Extensión 216 p., [7] h. de lám. ;
Dimensiones 21 cm.
490 1# - MENCIÓN DE SERIE
Mención de serie Medio siglo de historia. Los presidentes del Consejo de la Monarquía española, 1874-1931 ;
Designación de volumen o secuencia 1
600 14 - PUNTO DE ACCESO ADICIONAL DE MATERIA--NOMBRE DE PERSONA
Nombre de persona Cánovas del Castillo, Antonio,
Fechas asociadas al nombre 1828-1897-
Subdivisión general Biografías
9 (RLIN) 172706
830 1# - PUNTO DE ACCESO ADICIONAL DE SERIE-TÍTULO UNIFORME
Título uniforme Medio siglo de historia. Los presidentes del Consejo de la Monarquía española, 1874-1931 ;
Designación de volumen o secuencia 1
9 (RLIN) 225199
852 ## - LOCALIZACIÓN
Ubicación ES-MaACL
Número de control de estantería E-4325
Holdings
Estatus retirado Estado de pérdida Estado de daño No para préstamo Biblioteca de origen Biblioteca actual Ubicación en estantería Fecha de adquisición Fuente de adquisición Total de préstamos Signatura topográfica completa Código de barras Visto por última vez Precio de reemplazo Tipo de ítem Koha
        Biblioteca del Ateneo de Madrid Biblioteca del Ateneo de Madrid Depósito 2 30/05/2016     E-4325 1195318 23/02/2023 23/02/2023 Libro impreso